[Event "Loire-ch Top20 0809"]
[Site "Loire"]
[Date "2009.04.25"]
[Round "7"]
[White "Guevorkian, Spartak"]
[Black "Mialon, Franck"]
[Result "1-0"]
[WhiteElo "1890"]
[BlackElo "1370"]
[PlyCount "50"]
[EventDate "2008.10.11"]
[EventType "swiss"]
[EventRounds "7"]
[EventCountry "FRA"]
[SourceTitle "EXT 2010"]
[Source "ChessBase"]
[SourceDate "2010.11.25"]
[SourceVersion "1"]
[SourceVersionDate "2010.11.25"]
[SourceQuality "1"]

1. d4 d5 2. Nf3 c6 3. c3 e6 4. Bf4 f5 5. h3 Nf6 6. Nbd2 Bd6 7. Bxd6 Qxd6 8. Ne5 Nbd7 9. Ndf3 0-0 10. e3 Ne4 11. Nxd7 Bxd7 12. Ne5 b5 13. Be2 b4 14. c4 Qe7 15. c5 f4 16. exf4 Rxf4 17. Bf3 Raf8 18. a3 b3 19. Qxb3 Qh4 20. Qe3 Ng5 21. 0-0-0 Qh6 22. Nxd7 Nxf3 23. Nxf8 Nxd4 24. Rxd4 e5 25. Rxf4 Qe6 1-0

[Event "Loire-ch Top20 0809"]
[Site "Loire"]
[Date "2009.03.07"]
[Round "5"]
[White "Guevorkian, Spartak"]
[Black "Bruel, Bruno"]
[Result "0-1"]
[WhiteElo "1890"]
[BlackElo "1780"]
[PlyCount "81"]
[EventDate "2008.10.11"]
[EventType "swiss"]
[EventRounds "7"]
[EventCountry "FRA"]
[SourceTitle "EXT 2010"]
[Source "ChessBase"]
[SourceDate "2010.11.25"]
[SourceVersion "1"]
[SourceVersionDate "2010.11.25"]
[SourceQuality "1"]

1. d4 d5 2. Nf3 Nf6 3. Bf4 Bf5 4. e3 e6 5. Bd3 Bxd3 6. cxd3 Bb4+ 7. Nc3 0-0 8. Qb3 Bxc3+ 9. bxc3 b6 10. 0-0 Nbd7 11. Rfc1 c5 12. Qa3 Qc8 13. Rab1 Re8 14. Ne5 Nh5 15. Nxd7 Nxf4 16. Ne5 Ne2+ 17. Kf1 Nxc1 18. Rxc1 cxd4 19. cxd4 Qb7 20. Nc6 Kh8 21. Ne5 Rec8 22. Rxc8+ Rxc8 23. Ke1 Qc7 24. Ke2 f6 25. Nf3 a5 26. Nd2 b5 27. Nb3 b4 28. Qa4 Qc2+ 29. Kf3 e5 30. Qxa5 Qxd3 31. Qxb4 Qe4+ 32. Kg3 f5 33. h4 g5 34. hxg5 Qg4+ 35. Kh2 Rg8 36. Qe7 Qh4+ 37. Kg1 Qxg5 38. Qxe5+ Qg7 39. Qxd5 h6 40. Nc5 Qg4 41. Qc4 0-1

[Event "Loire-ch Top14 0708"]
[Site "Loire"]
[Date "2008.04.05"]
[Round "7"]
[White "Guevorkian, Spartak"]
[Black "Pareux, Marc"]
[Result "1-0"]
[WhiteElo "1900"]
[BlackElo "1660"]
[PlyCount "49"]
[EventDate "2007.10.20"]
[EventType "swiss"]
[EventRounds "7"]
[EventCountry "FRA"]
[SourceTitle "EXT 2010"]
[Source "ChessBase"]
[SourceDate "2010.11.25"]
[SourceVersion "1"]
[SourceVersionDate "2010.11.25"]
[SourceQuality "1"]

1. d4 g6 2. Nf3 Bg7 3. Bf4 d5 4. e3 Nf6 5. c3 Nbd7 6. Nbd2 0-0 7. Be2 Re8 8. Ne5 Ne4 9. Nxe4 dxe4 10. Qc2 f5 11. Rd1 c6 12. Qb3+ e6 13. Nc4 Bf8 14. h4 Nf6 15. h5 Nd5 16. hxg6 hxg6 17. Be5 Bg7 18. Kd2 Rf8 19. Bxg7 Kxg7 20. Rh3 f4 21. Rdh1 fxe3+ 22. fxe3 Nf6 23. Ne5 c5 24. Rg3 cxd4 25. Rxg6# 1-0

[Event "Loire-ch op 0405"]
[Site "Loire"]
[Date "2005.04.09"]
[Round "6"]
[White "Guevorkian, Spartak"]
[Black "Gidon, Rene"]
[Result "1-0"]
[WhiteElo "1699"]
[BlackElo "1540"]
[PlyCount "121"]
[EventDate "2004.10.16"]
[EventType "swiss"]
[EventRounds "9"]
[EventCountry "FRA"]
[SourceTitle "EXT 2008"]
[Source "ChessBase"]
[SourceDate "2007.11.25"]
[SourceVersion "1"]
[SourceVersionDate "2007.11.25"]
[SourceQuality "1"]

1. d4 Nf6 2. Nf3 e6 3. a3 c5 4. Bg5 cxd4 5. Bxf6 Qxf6 6. Qxd4 Be7 7. e3 Nc6 8. Qxf6 Bxf6 9. c3 0-0 10. Bd3 d5 11. Nbd2 e5 12. Bb5 a6 13. Ba4 b5 14. Bb3 Be6 15. 0-0 Na5 16. Bc2 Nc4 17. Rab1 e4 18. Nxc4 exf3 19. Nd2 fxg2 20. Kxg2 Rad8 21. Rbd1 Rfe8 22. Nb3 Rc8 23. Na5 Be5 24. Bb3 Bc7 25. Nb7 Re7 26. Bxd5 Bxd5+ 27. Rxd5 Bb6 28. Nd6 Rd8 29. Rfd1 Red7 30. e4 f6 31. Nf5 Rxd5 32. Rxd5 Rxd5 33. exd5 Kf7 34. b3 g6 35. Nd6+ Kf8 36. c4 Bc5 37. Ne4 Bxa3 38. Nxf6 h6 39. Nd7+ Ke7 40. Nb8 bxc4 41. bxc4 Kd6 42. Nxa6 g5 43. Kf3 h5 44. h3 Ke5 45. Ke3 Bf8 46. Nb8 Bc5+ 47. Kf3 Kd4 48. Nd7 Kxc4 49. Nxc5 Kxc5 50. Ke4 Kd6 51. f3 Kd7 52. Kf5 g4 53. hxg4 hxg4 54. fxg4 Kd6 55. Ke4 Kd7 56. Ke5 Ke7 57. d6+ Kd7 58. Kd5 Kd8 59. Ke6 Ke8 60. d7+ Kd8 61. g5 1-0